[Event "IECG CE.2005.0.00084 email"]
[Site "IECG email"]
[Date "2005.04.24"]
[Round "?"]
[White "Thurrott, Allan"]
[Black "Boudreaux, Jack Jr"]
[Result "1-0"]
[WhiteElo "1251"]
[BlackElo "1200"]
[PlyCount "35"]
[EventDate "2005.04.24"]
[EventType "tourn (corr)"]
[EventRounds "6"]
[SourceTitle "Corr 2008"]
[Source "ChessBase"]
[SourceDate "2008.06.24"]
[SourceVersion "1"]
[SourceVersionDate "2008.06.24"]
[SourceQuality "1"]

1. e4 e5 2. Nf3 Nf6 3. d4 Nxe4 4. Bd3 d5 5. Nxe5 Nd7 6. Nxd7 Bxd7 7. 0-0 Qh4 8. c4 0-0-0 9. c5 g5 10. Nc3 Bg7 11. g3 Qh3 12. Nxe4 dxe4 13. Bxe4 Bb5 14. Bg2 Qf5 15. Be3 Bxf1 16. Bxf1 c6 17. Qa4 Kb8 18. Rd1 1-0